Basic marketing: a managerial approach
Uloženo v:
| Hlavní autor: | |
|---|---|
| Médium: | Kniha |
| Jazyk: | angličtina |
| Vydáno: |
Homewood
Richard D. Irwin
1964
|
| Vydání: | 2a. ed |
| Témata: | |
| Tagy: |
Přidat tag
Žádné tagy, Buďte první, kdo vytvoří štítek k tomuto záznamu!
|
MARC
| LEADER | 00000nam a2200000 a 4500 | ||
|---|---|---|---|
| 001 | UCQ1826 | ||
| 003 | CL-VaPUC | ||
| 008 | 980721e19640000US |||||||||||||||||eng|d | ||
| 082 | 0 | 4 | |a 658.8 |b MCC |2 21 |
| 100 | |a McCarthy, E. Jerome |e autor |9 456449 | ||
| 245 | 1 | 0 | |a Basic marketing: a managerial approach |
| 250 | |a 2a. ed | ||
| 300 | |a 978 p | ||
| 942 | |c BK | ||
| 945 | |d 19980721 00:00:00 |a cmena | ||
| 260 | |a Homewood |b Richard D. Irwin |c 1964 | ||
| 650 | 0 | |a Marketing |9 259324 | |
| 650 | 7 | |a PRODUCTOS |2 CL-VaPUC |9 338640 | |
| 650 | 0 | |a Consumidores |9 315658 | |
| 650 | 0 | |a Investigación de mercado |9 332310 | |
| 650 | 0 | |a Publicidad |9 314572 | |
| 650 | 7 | |a PLANIFICACION Y CONTROL |2 CL-VaPUC |9 415697 | |
| 650 | 7 | |a ESTRATEGIAS |2 CL-VaPUC |9 342878 | |
| 583 | |a last modification |c 19980721 00:00:00 |k Rodrigo Vera | ||
| 999 | |c 272670 |d 272668 | ||
| 952 | |0 0 |1 0 |4 0 |6 658_800000000000000_MCC_1964 |7 0 |8 A |9 307789 |a BIBGIM |b BIBGIM |d 2019-11-20 |i 1441485 |o 658.8 MCC 1964 |p 1441485 |r 2025-01-15 |w 2019-11-20 |y BK |k COM | ||